El libro de los abrazos /

Guardado en:
Autor Principal: Galeano, Eduardo
Formato: Libro
Publicado: Buenos Aires : Siglo Xxi, 2015
Series:Biblioteca Eduardo Galeano
Materias:
Etiquetas: Agregar Etiqueta
Sin Etiquetas, Sea el primero en etiquetar este registro!
LEADER 00615nam a22002175a 4500
001 CEM.cems018537
005 20160401095220.0
008 130507s2015##################000#0#####d
003 CEMS
020 |a 9789876295093 
082 0 4 |a U868.4 
100 1 |a Galeano, Eduardo 
245 1 0 |a El libro de los abrazos /  |c Eduardo Galeano 
260 |a Buenos Aires :  |b Siglo Xxi,  |c 2015 
300 |a 265 p. 
490 0 |a Biblioteca Eduardo Galeano 
653 |a Literatura 
653 |a Literatura uruguaya 
653 |a Narrativa 
653 |a Narrativa uruguaya 
859 |a CEMS  |b BIB. CEMS - Agricultura  |h U868.4  |i G131-12  |p A2843.16  |t Ej.1